| 000 | 00796nam a2200277Ia 4500 | ||
|---|---|---|---|
| 003 | GCL | ||
| 008 | 140319s9999 xx 000 0 ara d | ||
| 040 |
_aGCL / _cGCL |
||
| 082 | 0 | 4 |
_a792.025 _bد ا |
| 100 | 1 | _aامين سلامة | |
| 245 | 1 | 0 |
_aدليل الاخراج المسرحى / _cامين سلامة |
| 260 |
_a[S.N] : _bالعربى للنشر والتوزيع |
||
| 300 | _a196 ص | ||
| 490 | _a | ||
| 650 | 0 | 4 | _aتصميم |
| 650 | 0 | 4 | _aالاخراج المسرحى |
| 650 | 0 | 4 | _aالفنون المسرحية |
| 650 | 0 | 4 | _aالمسارح |
| 650 | 0 | 4 | _aالديكور |
| 650 | 0 | 4 | _aالكترونيات |
| 650 | 0 | 4 | _aالانتاج المسرحى |
| 650 | 0 | 4 | _aاضاءة |
| 650 | 0 | 4 | _aالاخراج الفنى |
| 650 | 0 | 4 | _aضبط الصوت |
| 942 |
_2ddc _cBK |
||
| 999 |
_c30331 _d30331 |
||